[Event "Plzen op-A U18"]
[Site "Plzen"]
[Date "1996.??.??"]
[Round "8"]
[White "Kupka, Frantisek"]
[Black "Neuman, Petr"]
[Result "0-1"]
[WhiteElo "2000"]
[BlackElo "2205"]
[PlyCount "66"]
[EventDate "1996.??.??"]
[EventRounds "9"]
[EventCountry "CZE"]
[Source "ChessBase"]
[SourceDate "1996.11.15"]

1. e4 c5 2. Nf3 e6 3. d4 cxd4 4. Nxd4 Nf6 5. Nc3 d6 6. g4 Nc6 7. g5 Nd7 8. Be3
Nb6 9. Rg1 d5 10. exd5 exd5 11. Bb5 Bd7 12. Qe2 Be7 13. O-O-O O-O 14. f4 Bb4
15. Nb1 Re8 16. Rg3 Nxd4 17. Rxd4 Bc5 18. Bxd7 Qxd7 19. Qd3 Bxd4 20. Qxd4 Nc4
21. Bd2 Nxd2 22. Qxd2 d4 23. c3 Rad8 24. cxd4 Qxd4 25. Qxd4 Rxd4 26. Rf3 Re1+
27. Kc2 Re2+ 28. Kc3 Rd1 29. Na3 Rdd2 30. Nc4 Rc2+ 31. Kd4 b5 32. Nd6 Red2+ 33.
Ke5 Rc5+ 0-1

[Event "Plzen op-A U18"]
[Site "Plzen"]
[Date "1996.??.??"]
[Round "6"]
[White "Kupka, Frantisek"]
[Black "Stojnic, Miodrag"]
[Result "1/2-1/2"]
[WhiteElo "2000"]
[BlackElo "2090"]
[PlyCount "68"]
[EventDate "1996.??.??"]
[EventRounds "9"]
[EventCountry "CZE"]
[Source "ChessBase"]
[SourceDate "1996.11.15"]

1. e4 Nf6 2. e5 Nd5 3. d4 d6 4. Nf3 dxe5 5. Nxe5 Nd7 6. Nf3 e6 7. c4 N5f6 8.
Be2 c5 9. O-O Be7 10. Nc3 O-O 11. Re1 a6 12. h3 h6 13. Be3 Qc7 14. Qc2 b6 15.
Rad1 Bb7 16. dxc5 Nxc5 17. Nd2 Rac8 18. b4 Ncd7 19. a3 Ne5 20. Bf4 Qc6 21. Bf1
Ng6 22. Bg3 Rfd8 23. Nf3 Bd6 24. Bxd6 Rxd6 25. Rxd6 Qxd6 26. Rd1 Qc7 27. Nd4
Ba8 28. Nb1 Nf4 29. Nd2 Qb7 30. N4f3 Qc6 31. g3 Ng6 32. Bg2 Qc7 33. Nd4 Bxg2
34. Kxg2 Ne5 1/2-1/2

[Event "Plzen op-A U18"]
[Site "Plzen"]
[Date "1996.??.??"]
[Round "8"]
[White "Mazur, David"]
[Black "Brandt, Silvio"]
[Result "0-1"]
[WhiteElo "1960"]
[BlackElo "1830"]
[PlyCount "52"]
[EventDate "1996.??.??"]
[EventRounds "9"]
[EventCountry "CZE"]
[Source "ChessBase"]
[SourceDate "1996.11.15"]

1. e4 e5 2. Nf3 f5 3. d4 fxe4 4. Nxe5 Nf6 5. Be2 d6 6. Ng4 Bf5 7. d5 Be7 8. Ne3
Bg6 9. c4 a5 10. f3 O-O 11. O-O exf3 12. Bxf3 Nbd7 13. Be2 Ne5 14. Nc3 Ne4 15.
Nb5 Rxf1+ 16. Qxf1 Qd7 17. Nd4 Rf8 18. Qe1 Nc5 19. Qxa5 Bh4 20. Bd2 Bf2+ 21.
Kh1 Be4 22. Qa3 Qh3 23. Rg1 Bxg1 24. Kxg1 Qh4 25. g3 Qh3 26. Ne6 Ng4 0-1

[Event "Plzen op-A U18"]
[Site "Plzen"]
[Date "1996.??.??"]
[Round "3"]
[White "Mazur, David"]
[Black "Hrbolka, Ladislav Jr"]
[Result "1/2-1/2"]
[WhiteElo "1960"]
[BlackElo "1905"]
[PlyCount "69"]
[EventDate "1996.??.??"]
[EventRounds "9"]
[EventCountry "CZE"]
[Source "ChessBase"]
[SourceDate "1996.11.15"]

1. e4 c5 2. Nf3 d6 3. d4 cxd4 4. Qxd4 Nc6 5. Bb5 Bd7 6. Bxc6 Bxc6 7. Nc3 Nf6 8.
Bg5 e6 9. O-O-O Be7 10. e5 dxe5 11. Qxe5 Qb6 12. Be3 Qa6 13. Nd4 O-O 14. Nf5
exf5 15. Qxe7 Ne4 16. Rd3 Nxc3 17. Rxc3 Qxa2 18. Ra3 Qc4 19. Kb1 Rfc8 20. Rc1
Be4 21. Rc3 Qa4 22. Qe5 Rxc3 23. Qxc3 Re8 24. Bd4 f6 25. f3 Bc6 26. b3 Qa3 27.
Qc4+ Kh8 28. Bc5 Qa5 29. b4 Qc7 30. Rd1 a6 31. Bd6 Qd7 32. Rd2 Qe6 33. Qd4 Qe3
34. Qxe3 Rxe3 35. c4 1/2-1/2

[Event "Plzen op-A U18"]
[Site "Plzen"]
[Date "1996.??.??"]
[Round "6"]
[White "Mazur, David"]
[Black "Prokop, Jacek"]
[Result "1-0"]
[WhiteElo "1960"]
[BlackElo "1980"]
[PlyCount "125"]
[EventDate "1996.??.??"]
[EventRounds "9"]
[EventCountry "CZE"]
[Source "ChessBase"]
[SourceDate "1996.11.15"]

1. e4 d6 2. d4 Nf6 3. Nc3 g6 4. f4 Bg7 5. Be2 c5 6. dxc5 Qa5 7. Qd3 Qxc5 8. Be3
Qa5 9. Qb5+ Qxb5 10. Nxb5 Na6 11. Bd4 O-O 12. e5 dxe5 13. Bxe5 Bf5 14. c3 Nc5
15. Rd1 a6 16. Nd4 Be4 17. Ngf3 Ng4 18. Bxg7 Kxg7 19. Rd2 Bb1 20. a3 Ne4 21.
Rd1 Ba2 22. Ra1 Be6 23. Nxe6+ fxe6 24. Nd4 Ne3 25. Bf3 Nc5 26. Ke2 Nf5 27. Rad1
Nxd4+ 28. Rxd4 Rab8 29. Rc4 Rbc8 30. Rd1 b5 31. Rcd4 Na4 32. R1d2 Rc7 33. g3
Kf6 34. Kf2 Rb8 35. Bd1 Nb6 36. Bb3 Nc4 37. Re2 Rc5 38. Rde4 Rb6 39. a4 Rcc6
40. Ba2 Kf5 41. h3 Na5 42. g4+ Kf6 43. h4 bxa4 44. Rxa4 Nb3 45. Bxb3 Rxb3 46.
Ke3 Rcb6 47. Ra2 e5 48. Ke4 exf4 49. g5+ Kf7 50. Kxf4 R3b5 51. Kg4 Ke8 52. b4
Rc6 53. Re3 Rf5 54. Kg3 e6 55. c4 Kd7 56. c5 Rd5 57. Rb3 e5 58. Rf3 Kc7 59.
Rf7+ Rd7 60. Rxd7+ Kxd7 61. Kf3 Kc7 62. Ke4 Re6 63. Kd5 1-0

[Event "Plzen op-A U18"]
[Site "Plzen"]
[Date "1996.??.??"]
[Round "9"]
[White "Neuman, Petr"]
[Black "Rehak, Martin"]
[Result "1-0"]
[WhiteElo "2205"]
[BlackElo "2215"]
[PlyCount "57"]
[EventDate "1996.??.??"]
[EventRounds "9"]
[EventCountry "CZE"]
[Source "ChessBase"]
[SourceDate "1996.11.15"]

1. d4 c5 2. d5 Nf6 3. c4 e6 4. Nc3 exd5 5. cxd5 d6 6. e4 g6 7. f4 Bg7 8. Bb5+
Nfd7 9. Be2 O-O 10. Nf3 Na6 11. O-O Nc7 12. Kh1 Rb8 13. a4 b6 14. Nb5 Nxb5 15.
axb5 Rb7 16. Bd3 Nb8 17. Ra4 a6 18. bxa6 Ra7 19. Qe2 Bd7 20. Ra2 Qe8 21. Be3 b5
22. b4 Rxa6 23. bxc5 Rxa2 24. Qxa2 f5 25. e5 dxe5 26. fxe5 Bxe5 27. Re1 Bg7 28.
c6 Bc8 29. Bg5 1-0

[Event "Plzen op-A U18"]
[Site "Plzen"]
[Date "1996.??.??"]
[Round "7"]
[White "Neuman, Petr"]
[Black "Soln, Primoz"]
[Result "0-1"]
[WhiteElo "2205"]
[BlackElo "2330"]
[PlyCount "48"]
[EventDate "1996.??.??"]
[EventRounds "9"]
[EventCountry "CZE"]
[Source "ChessBase"]
[SourceDate "1996.11.15"]

1. d4 d5 2. c4 e6 3. Nf3 c6 4. Qc2 dxc4 5. Qxc4 Nf6 6. g3 b5 7. Qc2 Bb7 8. Bg2
Na6 9. O-O c5 10. Qb3 Nc7 11. dxc5 Bxc5 12. Bf4 a6 13. Qc3 Qe7 14. Rc1 Bxf2+
15. Kh1 Ncd5 16. Qd3 Nxf4 17. gxf4 Rd8 18. Qa3 Qxa3 19. Nxa3 Be3 20. Rc7 Rd7
21. Rxd7 Nxd7 22. Rd1 Bxf4 23. Nd4 Bxg2+ 24. Kxg2 Nb8 0-1

[Event "Plzen op-A U18"]
[Site "Plzen"]
[Date "1996.??.??"]
[Round "2"]
[White "Neuman, Petr"]
[Black "Vavra, Pavel"]
[Result "0-1"]
[WhiteElo "2205"]
[BlackElo "2375"]
[PlyCount "52"]
[EventDate "1996.??.??"]
[EventRounds "9"]
[EventCountry "CZE"]
[Source "ChessBase"]
[SourceDate "1996.11.15"]

1. d4 d5 2. c4 c6 3. Nf3 Nf6 4. Nc3 dxc4 5. a4 Bg4 6. Ne5 Bh5 7. g3 e6 8. Bg2
Bb4 9. Nxc4 Nd5 10. Qd3 a5 11. O-O Nb6 12. e4 N8d7 13. Be3 Nc5 14. Qc2 Nxc4 15.
dxc5 Nxe3 16. fxe3 Bxc5 17. Qf2 Qb6 18. Rae1 O-O 19. Bf3 Bxf3 20. Qxf3 Qxb2 21.
Ne2 Qb3 22. Nf4 Qxa4 23. e5 Rad8 24. Nh5 Be7 25. Ra1 Qb5 26. Qe4 Qd3 0-1

[Event "Plzen op-A U18"]
[Site "Plzen"]
[Date "1996.??.??"]
[Round "2"]
[White "Novak, Pavel"]
[Black "Dolezal, Radoslav Jr"]
[Result "1/2-1/2"]
[WhiteElo "2005"]
[BlackElo "2270"]
[PlyCount "99"]
[EventDate "1996.??.??"]
[EventRounds "9"]
[EventCountry "CZE"]
[Source "ChessBase"]
[SourceDate "1996.11.15"]

1. e4 e5 2. Nf3 Nc6 3. Nc3 Nf6 4. Bb5 Bb4 5. O-O O-O 6. d3 d6 7. Bg5 Bxc3 8.
bxc3 h6 9. Bh4 Qe7 10. Re1 Nb8 11. d4 c6 12. Bf1 Nbd7 13. Nd2 Rd8 14. Qf3 g5
15. Bg3 Nf8 16. Nc4 Ng6 17. Ne3 exd4 18. cxd4 g4 19. Qd1 Qxe4 20. Nc4 Qd5 21.
Nxd6 Qg5 22. Bc4 Nd5 23. Ne4 Qe7 24. Rb1 b6 25. Qd2 Kh7 26. Nd6 Be6 27. Nf5 Qg5
28. Qxg5 hxg5 29. Nd6 Ngf4 30. Ne4 Kg6 31. Rbd1 Rd7 32. Bb3 Rad8 33. c3 Bf5 34.
Nd2 Nxc3 35. Bxf4 Nxd1 36. Nc4 f6 37. Bd2 Rxd4 38. Rxd1 Rxc4 39. Bxc4 Bc2 40.
Rc1 Rxd2 41. Rxc2 Rd1+ 42. Bf1 c5 43. f3 gxf3 44. gxf3 Kf5 45. Kg2 Ke5 46. Re2+
Kd4 47. Rc2 Rb1 48. Rc4+ Kd5 49. Ra4 a5 50. Bc4+ 1/2-1/2

[Event "Plzen op-A U18"]
[Site "Plzen"]
[Date "1996.??.??"]
[Round "7"]
[White "Novak, Pavel"]
[Black "Petek, Pavel"]
[Result "0-1"]
[WhiteElo "2005"]
[BlackElo "2175"]
[PlyCount "60"]
[EventDate "1996.??.??"]
[EventRounds "9"]
[EventCountry "CZE"]
[Source "ChessBase"]
[SourceDate "1996.11.15"]

1. e4 e5 2. Nf3 Nc6 3. d4 exd4 4. c3 dxc3 5. Bc4 Nf6 6. O-O d6 7. Nxc3 Be7 8.
b4 Bg4 9. Qb3 Bxf3 10. Bxf7+ Kf8 11. gxf3 Nd4 12. Qd1 Nxf3+ 13. Qxf3 Kxf7 14.
Nd5 Qd7 15. Bb2 Rhf8 16. Nxf6 Bxf6 17. Bxf6 gxf6 18. Kh1 Rg8 19. Rg1 Rg6 20.
Qh5 Kg7 21. Rxg6+ hxg6 22. Rg1 Qf7 23. f4 Rh8 24. Qg4 Rh6 25. Qc8 Rh4 26. f5 g5
27. Rc1 c6 28. Qd8 Rxe4 29. Qxd6 Re5 30. Rd1 Rd5 0-1

[Event "Plzen op-A U18"]
[Site "Plzen"]
[Date "1996.??.??"]
[Round "5"]
[White "Novak, Pavel"]
[Black "Rehak, Martin"]
[Result "0-1"]
[WhiteElo "2005"]
[BlackElo "2215"]
[PlyCount "100"]
[EventDate "1996.??.??"]
[EventRounds "9"]
[EventCountry "CZE"]
[Source "ChessBase"]
[SourceDate "1996.11.15"]

1. e4 c5 2. d4 cxd4 3. c3 dxc3 4. Nxc3 Nc6 5. Nf3 d6 6. Bc4 e6 7. O-O Nf6 8.
Qe2 Be7 9. Rd1 e5 10. Be3 O-O 11. b4 Nxb4 12. Nxe5 Qa5 13. Nf3 Bg4 14. a3 Nc6
15. Nd5 Nxd5 16. Bxd5 Rab8 17. h3 Be6 18. Bxe6 fxe6 19. Qa2 Kf7 20. Nd4 Qe5 21.
Nxc6 bxc6 22. Qc4 c5 23. f4 Qb2 24. f5 Qe5 25. Rf1 Bf6 26. Rad1 Rfe8 27. Bf4
Qc3 28. fxe6+ Kg8 29. Qxc3 Bxc3 30. Bxd6 Rbc8 31. e7 Bf6 32. e5 Bxe7 33. Bxe7
Rxe7 34. Rd5 c4 35. Rc1 Kf7 36. Rc3 Ke6 37. Ra5 Kf5 38. Kf2 Ke4 39. Ke2 Kd4 40.
Kd2 Rcc7 41. Rf3 Rxe5 42. Rxe5 Kxe5 43. Kc3 h5 44. Rf8 h4 45. Rf3 g5 46. Rf8
Ke4 47. Rf6 a5 48. a4 Rb7 49. Ra6 Rb3+ 50. Kxc4 Rb4+ 0-1

[Event "Plzen op-A U18"]
[Site "Plzen"]
[Date "1996.??.??"]
[Round "1"]
[White "Novak, Pavel"]
[Black "Suran, Jan"]
[Result "1-0"]
[WhiteElo "2005"]
[BlackElo "2315"]
[PlyCount "45"]
[EventDate "1996.??.??"]
[EventRounds "9"]
[EventCountry "CZE"]
[Source "ChessBase"]
[SourceDate "1996.11.15"]

1. e4 e5 2. Nf3 d6 3. d4 Nd7 4. Bc4 Be7 5. dxe5 dxe5 6. Qd5 Bb4+ 7. c3 Qe7 8.
cxb4 Ngf6 9. Qd3 Qxb4+ 10. Qc3 Qe7 11. Nbd2 O-O 12. O-O h6 13. Re1 Re8 14. b4
Nf8 15. Nf1 Bg4 16. a3 Ng6 17. Ng3 Kh7 18. h3 Bd7 19. Nf5 Qf8 20. N5h4 Nxh4 21.
Nxh4 g5 22. Nf3 g4 23. Nxe5 1-0

[Event "Plzen op-A U18"]
[Site "Plzen"]
[Date "1996.??.??"]
[Round "4"]
[White "Petek, Pavel"]
[Black "Blazkova, Petra"]
[Result "0-1"]
[WhiteElo "2175"]
[BlackElo "2215"]
[PlyCount "70"]
[EventDate "1996.??.??"]
[EventRounds "9"]
[EventCountry "CZE"]
[Source "ChessBase"]
[SourceDate "1996.11.15"]

1. c4 Nf6 2. Nc3 g6 3. g3 d5 4. cxd5 Nxd5 5. Bg2 Nxc3 6. bxc3 Bg7 7. Rb1 Nd7 8.
Nf3 O-O 9. O-O c6 10. Nd4 Qa5 11. Qb3 e5 12. Nc2 Nb6 13. Qa3 Qxa3 14. Bxa3 Rd8
15. d3 Na4 16. Rb3 e4 17. Bxe4 Nxc3 18. Bf3 Nxa2 19. d4 Bxd4 20. Nxd4 Rxd4 21.
Ra1 Rd2 22. Bb2 a5 23. Rb6 Bh3 24. Rxb7 Rad8 25. e3 c5 26. Bf6 Rc8 27. Rb2 Rxb2
28. Bxb2 Be6 29. Kg2 Bb3 30. Rb1 c4 31. Ba1 a4 32. Bd1 Bxd1 33. Rxd1 c3 34. Rd4
a3 35. Ra4 c2 0-1

[Event "Plzen op-A U18"]
[Site "Plzen"]
[Date "1996.??.??"]
[Round "6"]
[White "Petek, Pavel"]
[Black "Neuman, Petr"]
[Result "0-1"]
[WhiteElo "2175"]
[BlackElo "2205"]
[PlyCount "80"]
[EventDate "1996.??.??"]
[EventRounds "9"]
[EventCountry "CZE"]
[Source "ChessBase"]
[SourceDate "1996.11.15"]

1. c4 Nf6 2. Nc3 g6 3. g3 Bg7 4. Bg2 O-O 5. e4 d6 6. Nge2 c5 7. O-O Nc6 8. d3
a6 9. a3 Rb8 10. Rb1 Nd7 11. b4 Nd4 12. b5 Nxe2+ 13. Nxe2 axb5 14. cxb5 Ra8 15.
d4 Qb6 16. dxc5 Nxc5 17. Nf4 e6 18. Nd3 Na4 19. Rb4 Nc3 20. Qc2 Bd7 21. Be3 Qa5
22. e5 Nd5 23. Bxd5 exd5 24. exd6 Qxa3 25. Qb3 d4 26. Bf4 Rfc8 27. Qxa3 Rxa3
28. Ne5 Bh3 29. Re1 g5 30. d7 Bxd7 31. Nxd7 gxf4 32. gxf4 d3 33. Rd1 Bc3 34.
Rbb1 d2 35. Ne5 Ra4 36. Nf3 Rd8 37. Kg2 Rxf4 38. Kg3 Re4 39. h4 Rd3 40. Kg2
Rg4+ 0-1

[Event "Plzen op-A U18"]
[Site "Plzen"]
[Date "1996.??.??"]
[Round "5"]
[White "Prokop, Jacek"]
[Black "Hrbolka, Ladislav Jr"]
[Result "0-1"]
[WhiteElo "1980"]
[BlackElo "1905"]
[PlyCount "42"]
[EventDate "1996.??.??"]
[EventRounds "9"]
[EventCountry "CZE"]
[Source "ChessBase"]
[SourceDate "1996.11.15"]

1. e4 c5 2. d4 cxd4 3. c3 d3 4. Bxd3 Nf6 5. Ne2 d6 6. h3 g6 7. Bg5 Bg7 8. Nd2
O-O 9. Nf3 Nc6 10. Qd2 a6 11. Bh6 b5 12. Ng3 Ne5 13. Nxe5 dxe5 14. h4 Bxh6 15.
Qxh6 Qxd3 16. Rd1 Qc4 17. h5 Be6 18. hxg6 fxg6 19. f4 Rad8 20. Rxd8 Rxd8 21.
fxe5 Qd3 0-1

[Event "Plzen op-A U18"]
[Site "Plzen"]
[Date "1996.??.??"]
[Round "1"]
[White "Prokop, Jacek"]
[Black "Simacek, Pavel"]
[Result "0-1"]
[WhiteElo "1980"]
[BlackElo "2285"]
[PlyCount "60"]
[EventDate "1996.??.??"]
[EventRounds "9"]
[EventCountry "CZE"]
[Source "ChessBase"]
[SourceDate "1996.11.15"]

1. e4 g6 2. d4 Bg7 3. Nc3 c6 4. Be3 d5 5. Nf3 Bg4 6. h3 Bxf3 7. gxf3 e6 8. Qd2
Nd7 9. exd5 exd5 10. O-O-O Qf6 11. h4 h6 12. Bh3 Ne7 13. Rde1 Nb6 14. b3 Kf8
15. Rhg1 Re8 16. Ne2 Nf5 17. Bxf5 Qxf5 18. Ng3 Qxf3 19. Bf4 Re6 20. Bb8 Bf6 21.
Bxa7 Rxe1+ 22. Rxe1 Nc8 23. Qb4+ Kg7 24. Bc5 b6 25. Bxb6 Nxb6 26. Qxb6 Qxf2 27.
Rf1 Qxg3 28. Qxc6 Qe3+ 29. Kb1 Qxd4 30. a4 Qb2# 0-1

[Event "Plzen op-A U18"]
[Site "Plzen"]
[Date "1996.??.??"]
[Round "3"]
[White "Prokop, Jacek"]
[Black "Voller, Jiri"]
[Result "0-1"]
[WhiteElo "1980"]
[BlackElo "2250"]
[PlyCount "78"]
[EventDate "1996.??.??"]
[EventRounds "9"]
[EventCountry "CZE"]
[Source "ChessBase"]
[SourceDate "1996.11.15"]

1. e4 c5 2. d4 cxd4 3. c3 d3 4. Bxd3 Nc6 5. f4 d5 6. e5 g6 7. Be3 Nh6 8. h3 Bf5
9. g4 Bxd3 10. Qxd3 e6 11. Nf3 Qc7 12. Nbd2 O-O-O 13. Nb3 Ng8 14. Nfd4 Nxd4 15.
Bxd4 Kb8 16. O-O-O h5 17. g5 Ne7 18. Rh2 Nf5 19. Bg1 Rc8 20. Kb1 Be7 21. Rc1
Rhd8 22. Rhc2 Qc4 23. Qf3 Qa6 24. Bf2 Rc4 25. Nd2 Ra4 26. b3 Ra5 27. b4 Ra3 28.
Nb3 Qa4 29. Qg2 Rc8 30. Qg1 Qb5 31. Qd1 Rc4 32. Qe2 Qa4 33. Qd2 b6 34. Bg1 Ng3
35. Qe3 Ne4 36. Rb2 Kc8 37. Rbc2 Kd8 38. Rd1 Rxb3+ 39. axb3 Qxb3+ 0-1

[Event "Plzen op-A U18"]
[Site "Plzen"]
[Date "1996.??.??"]
[Round "6"]
[White "Rehak, Martin"]
[Black "Jirovsky, Petr"]
[Result "0-1"]
[WhiteElo "2215"]
[BlackElo "2305"]
[PlyCount "34"]
[EventDate "1996.??.??"]
[EventRounds "9"]
[EventCountry "CZE"]
[Source "ChessBase"]
[SourceDate "1996.11.15"]

1. e4 c5 2. b3 Nc6 3. Bb2 d6 4. Bb5 Bd7 5. Ne2 e5 6. f4 Nf6 7. d3 Ng4 8. Qd2
Qh4+ 9. g3 Qh5 10. Nbc3 g6 11. Nd5 O-O-O 12. Nec3 Qh6 13. O-O-O Qh3 14. Rdf1
Re8 15. Ne3 Nxe3 16. Qxe3 exf4 17. Qf3 Bg4 0-1

[Event "Plzen op-A U18"]
[Site "Plzen"]
[Date "1996.??.??"]
[Round "2"]
[White "Rehak, Martin"]
[Black "Soukup, Jiri"]
[Result "1-0"]
[WhiteElo "2215"]
[BlackElo "1845"]
[PlyCount "41"]
[EventDate "1996.??.??"]
[EventRounds "9"]
[EventCountry "CZE"]
[Source "ChessBase"]
[SourceDate "1996.11.15"]

1. e4 e5 2. Nf3 Nc6 3. Bb5 Bc5 4. O-O Nd4 5. Nxd4 Bxd4 6. c3 Bb6 7. d4 c6 8.
Ba4 d6 9. Na3 Qf6 10. d5 Ne7 11. Nc4 O-O 12. dxc6 Bc7 13. f4 Nxc6 14. f5 Kh8
15. Qh5 Qe7 16. Ne3 Bb6 17. Kh1 Bxe3 18. Bxe3 f6 19. Bb3 Bd7 20. Rf3 Rac8 21.
Qxh7+ 1-0

[Event "Plzen op-A U18"]
[Site "Plzen"]
[Date "1996.??.??"]
[Round "4"]
[White "Rehak, Martin"]
[Black "Vavra, Pavel"]
[Result "0-1"]
[WhiteElo "2215"]
[BlackElo "2375"]
[PlyCount "76"]
[EventDate "1996.??.??"]
[EventRounds "9"]
[EventCountry "CZE"]
[Source "ChessBase"]
[SourceDate "1996.11.15"]

1. e4 b6 2. d4 Bb7 3. Bd3 Nf6 4. Qe2 e6 5. Nf3 c5 6. c3 cxd4 7. cxd4 Nc6 8. a3
Qc7 9. O-O Ng4 10. g3 d6 11. b4 Be7 12. d5 Nd8 13. Bb5+ Kf8 14. dxe6 Bf6 15.
Bg5 Nxe6 16. Bxf6 Nxf6 17. Nbd2 Rc8 18. Ba6 Ke7 19. Bxb7 Qxb7 20. Qd3 Qc6 21.
e5 dxe5 22. Nxe5 Qc3 23. Qe2 Qc2 24. Rfe1 Rhe8 25. Rad1 Rcd8 26. Kf1 Kf8 27.
Ndf3 Qxe2+ 28. Kxe2 g5 29. Rxd8 Rxd8 30. Nc6 Rc8 31. Nxa7 Rc2+ 32. Kf1 Ng4 33.
Re2 Rc3 34. Kg2 Rxa3 35. Nc6 Nf6 36. Nfe5 g4 37. h3 gxh3+ 38. Kxh3 Nf4+ 0-1

[Event "Plzen op-A U18"]
[Site "Plzen"]
[Date "1996.??.??"]
[Round "2"]
[White "Rozmbersky, David"]
[Black "Blecha, Milan"]
[Result "1-0"]
[WhiteElo "2025"]
[BlackElo "1915"]
[PlyCount "81"]
[EventDate "1996.??.??"]
[EventRounds "9"]
[EventCountry "CZE"]
[Source "ChessBase"]
[SourceDate "1996.11.15"]

1. e4 c5 2. Nf3 d6 3. d4 cxd4 4. Nxd4 Nf6 5. Nc3 Nc6 6. Bg5 Bd7 7. Qd2 Rc8 8.
f3 Nxd4 9. Qxd4 Qa5 10. Be3 a6 11. g4 Bc6 12. O-O-O b5 13. a3 Nd7 14. g5 Nc5
15. Bh3 Rb8 16. Nd5 Bxd5 17. Qxd5 e6 18. Qc6+ Nd7 19. Bc5 Qd8 20. Be3 a5 21.
Bf4 Rb6 22. Qc3 b4 23. axb4 axb4 24. Qc4 Be7 25. Rhg1 b3 26. cxb3 Qa8 27. Kd2
d5 28. exd5 Rb4 29. Qc6 Qa5 30. Bc7 Qa2 31. Qc2 Nc5 32. d6 Qa7 33. Ke2 Bd8 34.
Bxd8 Kxd8 35. Ra1 Na6 36. Rgc1 Qb7 37. Qc6 Nb8 38. Qc7+ Ke8 39. Qxb7 Rxb7 40.
Rc8+ Kd7 41. Rxh8 1-0

[Event "Plzen op-A U18"]
[Site "Plzen"]
[Date "1996.??.??"]
[Round "5"]
[White "Rozmbersky, David"]
[Black "Brandt, Silvio"]
[Result "1-0"]
[WhiteElo "2025"]
[BlackElo "1830"]
[PlyCount "73"]
[EventDate "1996.??.??"]
[EventRounds "9"]
[EventCountry "CZE"]
[Source "ChessBase"]
[SourceDate "1996.11.15"]

1. e4 c5 2. Nf3 d6 3. d4 cxd4 4. Nxd4 Nf6 5. Nc3 a6 6. Bg5 e6 7. f4 Be7 8. Qf3
Nbd7 9. O-O-O Qc7 10. g4 b5 11. Bxf6 Nxf6 12. g5 Nd7 13. f5 Bxg5+ 14. Kb1 Ne5
15. Qh5 Qe7 16. fxe6 g6 17. exf7+ Kxf7 18. Qe2 Kg7 19. Nd5 Qb7 20. Qg2 Bd8 21.
h4 Rf8 22. Be2 b4 23. Ne3 Bd7 24. c4 Nxc4 25. Nxc4 Be7 26. Qg3 Rf6 27. Rhe1
Raf8 28. h5 Qc7 29. Ne3 Be6 30. hxg6 hxg6 31. Nxe6+ Rxe6 32. Nd5 Qd7 33. Nf4
Rc8 34. Qg4 Kf7 35. Rf1 Bf6 36. Qxg6+ Ke7 37. Nd5+ 1-0

[Event "Plzen op-A U18"]
[Site "Plzen"]
[Date "1996.??.??"]
[Round "8"]
[White "Rozmbersky, David"]
[Black "Spirek, Adam"]
[Result "0-1"]
[WhiteElo "2025"]
[BlackElo "1895"]
[PlyCount "52"]
[EventDate "1996.??.??"]
[EventRounds "9"]
[EventCountry "CZE"]
[Source "ChessBase"]
[SourceDate "1996.11.15"]

1. e4 d6 2. d4 Nf6 3. f3 e5 4. d5 Be7 5. Be3 Nh5 6. Qd2 O-O 7. c4 f5 8. Ne2
fxe4 9. fxe4 Nf6 10. Nbc3 Ng4 11. Bg1 Bg5 12. Qd3 Qf6 13. Ng3 Nf2 14. Bxf2
Qxf2+ 15. Kd1 Qxb2 16. Rb1 Qa3 17. Be2 Na6 18. Qc2 Qc5 19. Rf1 Rxf1+ 20. Nxf1
Nb4 21. Qb3 Qd4+ 22. Ke1 Na6 23. Rd1 Qg1 24. Qb5 Kf8 25. Rd3 Nc5 26. Rf3+ Ke7
0-1

[Event "Plzen op-A U18"]
[Site "Plzen"]
[Date "1996.??.??"]
[Round "3"]
[White "Rozmbersky, David"]
[Black "Suran, Jan"]
[Result "0-1"]
[WhiteElo "2025"]
[BlackElo "2315"]
[PlyCount "86"]
[EventDate "1996.??.??"]
[EventRounds "9"]
[EventCountry "CZE"]
[Source "ChessBase"]
[SourceDate "1996.11.15"]

1. e4 c5 2. Nf3 e6 3. c3 d5 4. e5 d4 5. cxd4 cxd4 6. Bb5+ Bd7 7. Nxd4 Bxb5 8.
Nxb5 Nc6 9. O-O a6 10. N5c3 Nge7 11. Ne4 Nf5 12. Nd6+ Bxd6 13. exd6 Qxd6 14. b3
O-O 15. Ba3 Qd4 16. Nc3 Rfd8 17. Qf3 Qxd2 18. Ne4 Qa5 19. Bb2 Nfd4 20. Qh3 Qf5
21. Qxf5 Nxf5 22. Rfd1 Rac8 23. Kf1 Nce7 24. Rxd8+ Rxd8 25. Bc3 Nd5 26. Bd2 Rc8
27. Rc1 Rxc1+ 28. Bxc1 b6 29. Ba3 f6 30. g3 h5 31. h3 e5 32. Nd6 Nxd6 33. Bxd6
Kf7 34. a3 Ke6 35. Bf8 g5 36. Ke2 e4 37. a4 f5 38. Bh6 Kf6 39. Bf8 f4 40. Bd6
Kf5 41. Bb8 f3+ 42. Kd2 e3+ 43. fxe3 Ke4 0-1

[Event "Plzen op-A U18"]
[Site "Plzen"]
[Date "1996.??.??"]
[Round "6"]
[White "Simacek, Pavel"]
[Black "Rozmbersky, David"]
[Result "1-0"]
[WhiteElo "2285"]
[BlackElo "2025"]
[PlyCount "79"]
[EventDate "1996.??.??"]
[EventRounds "9"]
[EventCountry "CZE"]
[Source "ChessBase"]
[SourceDate "1996.11.15"]

1. e4 e6 2. d4 d5 3. e5 c5 4. c3 Nc6 5. Nf3 Qb6 6. a3 a5 7. Be2 a4 8. O-O c4 9.
Ne1 Bd7 10. Nc2 Na5 11. Nd2 f5 12. exf6 Nxf6 13. Nf3 Bd6 14. Ne5 Qc7 15. f4 Rf8
16. Bf3 O-O-O 17. Be3 Nb3 18. Rb1 Be8 19. g4 Bg6 20. Nxg6 hxg6 21. g5 Nh5 22.
Bxh5 gxh5 23. Qxh5 Bxf4 24. Qh3 Rde8 25. Rbe1 Bxe3+ 26. Qxe3 Rxf1+ 27. Rxf1 Qe7
28. g6 Qh4 29. Rf7 Qg4+ 30. Qg3 Qd1+ 31. Ne1 e5 32. dxe5 Nc1 33. Qe3 Nd3 34.
Rf1 Qg4+ 35. Ng2 Rxe5 36. Qb6 Re1 37. Rxe1 Nxe1 38. Qc5+ Kb8 39. Qf8+ Kc7 40.
Qe7+ 1-0

[Event "Plzen op-A U18"]
[Site "Plzen"]
[Date "1996.??.??"]
[Round "2"]
[White "Simacek, Pavel"]
[Black "Stojnic, Miodrag"]
[Result "1/2-1/2"]
[WhiteElo "2285"]
[BlackElo "2090"]
[PlyCount "104"]
[EventDate "1996.??.??"]
[EventRounds "9"]
[EventCountry "CZE"]
[Source "ChessBase"]
[SourceDate "1996.11.15"]

1. e4 Nf6 2. Nc3 d5 3. exd5 Nxd5 4. Bc4 e6 5. Nf3 Be7 6. d4 O-O 7. O-O b6 8.
Ne4 Bb7 9. Re1 Nd7 10. Bd3 c5 11. Bg5 N5f6 12. c3 Nxe4 13. Bxe7 Qxe7 14. Bxe4
Bxe4 15. Rxe4 Nf6 16. Re2 Rfd8 17. Qc2 cxd4 18. Nxd4 Qb7 19. Rd1 Rd5 20. Nf3
Rad8 21. Red2 Rxd2 22. Rxd2 Rxd2 23. Qxd2 Qd5 24. Qxd5 Nxd5 25. Nd4 a6 26. c4
Nc7 27. b4 Kf8 28. Kf1 Ke7 29. Ke2 Kd6 30. Kd3 g6 31. f4 f6 32. Nf3 b5 33. c5+
Kd5 34. Nd2 e5 35. Ne4 Ke6 36. Nc3 exf4 37. Kd4 f5 38. a3 g5 39. Ne2 Nd5 40.
Ng1 g4 41. Ne2 h6 42. Kd3 Ke5 43. Nd4 Ne7 44. h4 h5 45. c6 Nd5 46. Ne2 Kd6 47.
Nd4 Ne7 48. c7 Kd7 49. Ke2 Ng6 50. Nxf5 Kxc7 51. Kd3 Kd7 52. Kd4 Kc6 1/2-1/2

[Event "Plzen op-A U18"]
[Site "Plzen"]
[Date "1996.??.??"]
[Round "8"]
[White "Simacek, Pavel"]
[Black "Tupy, Martin"]
[Result "1/2-1/2"]
[WhiteElo "2285"]
[BlackElo "2250"]
[PlyCount "49"]
[EventDate "1996.??.??"]
[EventRounds "9"]
[EventCountry "CZE"]
[Source "ChessBase"]
[SourceDate "1996.11.15"]

1. e4 c5 2. Nf3 d6 3. d4 cxd4 4. Nxd4 Nf6 5. Nc3 g6 6. g3 Nc6 7. Nde2 Rb8 8. a4
Bg7 9. Bg2 Be6 10. b3 Qc8 11. h3 O-O 12. Bb2 Nb4 13. Rc1 Qc5 14. O-O Bh6 15.
Rb1 d5 16. Ba3 dxe4 17. Na2 a5 18. c3 Rfd8 19. cxb4 Qa7 20. Qe1 Bd2 21. Qd1
Rbc8 22. Bb2 axb4 23. Kh2 Bc3 24. Qc1 Bd2 25. Qd1 1/2-1/2